01245nam2a2200229 4500001002400000005001700024021001900041035002600060100004100086101000800127102000700135105001800142200018000160210001800340215001900358320005300377461041000430700006500840701006500905701002600970852001900996RU\NLR\BIBL_A\01259852420250624082124.0 aRUb[69-51322] a(NLR Aleph) 012598524 a20210920d1969 |||y0rusy50 ca0 arus aRU aa z |||||1 aФизиология кукурузы и рисаf[Авт.: С. С. Андреенко, Ф. М. Куперман и П. С. Брыгин ]gОтв. ред. Б. А. Рубин d1969aБ. м. a416 с.cил. aБиблиогр. в конце разделов 01001rc\492604912001#$aФизиология сельскохозяйственных растений$eВ 12 т.$fГл. ред. Б.А. Рубин$gМоск. гос. ун-т им. М.В. Ломоносова.$vТ. 5cМоскваd1967fГл. ред. Б.А. РубинnИзд-во Моск. ун-таoВ 12 т.tФизиология сельскохозяйственных растенийvТ. 5 1aАндреенкоbС. С.gСтепан Сидорович 1aКуперманbФ. М.gФанни Михайловна 1aБрыгинbП. С. aNLRj67-5/2784